|
|
|
|
| LEADER |
00905nam a22002537a 4500 |
| 001 |
28486 |
| 003 |
BD-DhAAL |
| 005 |
20141020130801.0 |
| 008 |
141020t2012 enk||||| b||| 001 0 eng d |
| 020 |
|
|
|a 9780194374446
|
| 040 |
|
|
|a BD-DhAAL
|c BD-DhAAL
|
| 082 |
|
|
|2 23
|a 418
|
| 245 |
|
|
|a Controversies in applied linguistics /
|c Barbara Seidlhofer
|
| 260 |
|
|
|a Oxford :
|b Oxford University Press,
|c 2012
|
| 300 |
|
|
|a xiv, 346 p. ;
|c 24 cm.
|
| 490 |
|
|
|a Oxford applied linguistics.
|
| 504 |
|
|
|6 Includes bibliographical references and index.
|
| 541 |
|
|
|e 28486
|
| 650 |
|
|
|a Applied linguistics.
|9 5738
|
| 700 |
|
|
|a Seidlhofer, Barbara
|9 5739
|
| 852 |
|
|
|a Ayesha Abed Library
|c General Stacks
|
| 942 |
|
|
|2 ddc
|c BK
|
| 999 |
|
|
|c 32948
|d 32948
|
| 952 |
|
|
|0 0
|1 0
|2 ddc
|4 0
|6 418_000000000000000_CON
|7 0
|9 43872
|a BRACUL
|b BRACUL
|c GEN
|d 2014-10-20
|e Riza Enterprize
|g 1750.00
|l 0
|o 418 CON
|p 3010028486
|r 2014-10-20
|t 1
|w 2014-10-20
|y BK
|